All Division 3 Women’s College Gymnastics Teams - Statistics

General Stats
  • This quiz has been taken 48 times
  • The average score is 9 of 15
Answer Stats
State First Four Letters Team % Correct
Rhode Island RHOD Rhode Island College
93%
Massachusetts SPRI Springfield College
90%
New York ITHA Ithaca College
85%
Wisconsin OSHK UW- Oshkosh
80%
Wisconsin EAU C UW- Eau Claire
78%
Wisconsin LA CR UW- La Crosse
70%
New York CORT Cortland State
60%
Wisconsin STOU UW- Stout
53%
Wisconsin WHIT UW- Whitewater
50%
Minnesota GUST Gustavus Adolphus
43%
Minnesota HAML Hamline
40%
Minnesota WINO Winona State
40%
Connecticut BROC Brockport State
38%
Pennsylvania URSI Ursinus College
35%
Louisiana CENT Centenary College
20%
No matching quizzes found
Score Distribution
Percent of People with Each Score
Percentile by Number Answered
Your Score History
You have not taken this quiz